| 000 | 00405nam a22001691a 4500 | ||
|---|---|---|---|
| 020 | _a9788126439041 | ||
| 082 |
_aM301 _bRAM/T |
||
| 100 | _aRamanunni K P | ||
| 245 |
_aThanthapparatheyyam/ _cby Ramanunni K P |
||
| 250 | _a1st. | ||
| 260 |
_aKottayam: _bD C Books, _c2012. |
||
| 300 | _a184p. | ||
| 650 | _aStories Malayalam | ||
| 650 | _aLiterature Malayalam | ||
| 650 | _aLiterature | ||
| 942 | _cBK | ||
| 999 |
_c46580 _d46580 |
||